Kitāb Majmūʻat al-maʻānī : hādhā al-kitāb al-badīʻ wa-al-muʼallif al-sanīʻ lam yudhkar fīhi ism muʼallifih.
Other Authors:
Format: Book
Language: Arabic
Published:
Qusṭantīnīyah :
Maṭbaʻat al-Jawāʼib,
1301 [1883 or 1884].
Edition: al-Ṭabʻah 1.
Subjects:
Tags: Add Tag
Call Number: ( RA )PJ7645 .M23 1883
| LEADER | 01073namaa2200253 4500 | ||
|---|---|---|---|
| 001 | 18542 | ||
| 003 | OSt | ||
| 005 | 20240529084002.0 | ||
| 008 | 130303s1883 tu 000 0 ara d | ||
| 952 | |0 0 |1 0 |2 lcc |4 0 |7 1 |9 10485 |a ARCE |b ARCE |d 2021-02-18 |l 0 |o ( RA )PJ7645 .M23 1883 |p 1033346 |r 2021-02-18 00:00:00 |w 2021-02-18 |y BK | ||
| 999 | |c 18994 |d 18994 | ||
| 010 | |a 2019418665 | ||
| 040 | |c ARCE Library | ||
| 050 | 4 | |a ( RA )PJ7645 .M23 1883 | |
| 245 | 0 | 0 | |6 880-02 |a Kitāb Majmūʻat al-maʻānī : |b hādhā al-kitāb al-badīʻ wa-al-muʼallif al-sanīʻ lam yudhkar fīhi ism muʼallifih. |
| 246 | 3 | 0 | |a Majmūʻat al-maʻānī. |
| 250 | |a al-Ṭabʻah 1. | ||
| 264 | 1 | |a Qusṭantīnīyah : |b Maṭbaʻat al-Jawāʼib, |c 1301 [1883 or 1884]. | |
| 300 | |a 221, 6 pages ; |c 23 cm. | ||
| 650 | 0 | |a Arabic poetry |x History and criticism. | |
| 700 | 1 | |a Manṣūrī, Maḥmūd al-Imām. | |
| 880 | 1 | 0 | |6 245-02/(3/r |a كتاب مجموعة المعاني : |b هذا الكتاب البديع و المؤلف السنيع لم يذكر فيه اسم مؤلفه |
| 901 | |a reviewed | ||
| 942 | |c BK |2 lcc | ||
